• 首页
  • 本馆介绍
  • 公告通知
  • 最新文献
  • 馆藏检索
  • 电子资源
  • 读者导购
  • 参考咨询
  • 我的图书馆
  • 登录
  • 详细信息显示
  • 放入我的书架
  • 预约/预借图书
  • 作者相关作品
  • 分类相关作品
  • 丛书相关作品
  • 出版社相关作品

书目信息

  • 表格格式
  • 工作单格式
  • 卡片格式
题名:
应用化学
    
 
作者: 高红武 , 周清 , 张云梅 主编
分册:  
出版信息: 北京   中国环境科学出版社  2011.8
页数: 368页
开本: 23cm
丛书名:
单 册:
中图分类: O69
科图分类:
主题词: 应用化学--高等职业教育--教材
电子资源:
ISBN: 978-7-5111-0690-2
000 00910nam0 2200277 450
001 0400001572
005 20171025144412.70
010    @a978-7-5111-0690-2@dCNY32.00
100    @a20111104e20162011em y0chiy0110 ea
101 0  @achi
102    @aCN@b110000
105    @ay z 000yy
106    @ar
200 1  @a应用化学@9ying yong hua xue@f高红武,周清,张云梅主编
205    @a第2版
210    @a北京@c中国环境科学出版社@d2011.8@h2016.7
215    @a368页@d23cm
300    @a全国高职高专规划教材
330    @a本书内容包括:物质结构基础、化学反应速率和化学平衡、酸碱平衡和酸碱滴定、沉淀溶解平衡和沉淀滴定、配位平衡和配位滴定、元素、现代化学进展等。
606 0  @a应用化学@x高等职业教育@j教材
690    @aO69@v4
701  0 @a高红武@9gao hong wu@4主编
701  0 @a周清@9zhou qing@4主编
701  0 @a张云梅@9zhang yun mei@4主编
801  0 @aCN@b91MARC@c20171018
905    @b1021239-43@dO69@f5@e10=2
    
    应用化学/高红武,周清,张云梅主编.-第2版.-北京:中国环境科学出版社,2011.8(2016.7)
    368页;23cm
    全国高职高专规划教材
    
    ISBN 978-7-5111-0690-2:CNY32.00
    本书内容包括:物质结构基础、化学反应速率和化学平衡、酸碱平衡和酸碱滴定、沉淀溶解平衡和沉淀滴定、配位平衡和配位滴定、元素、现代化学进展等。
●
相关链接 在E读中查询图书 在五车中查询图书 在当当中查询图书 在豆瓣中查询图书


正题名:应用化学     索取号:O69/10=2         预约/预借

序号 登录号 条形码 馆藏地/架位号 状态 备注
1 1021239   210212394   第二样本阅览室/ [索取号:O69/10=2] 在馆    
2 1021240   210212401   密集书库-化学系/ [索取号:O69/10=2] 在馆    
3 1021241   210212410   第三借阅区/ [索取号:O69/10=2] 在馆    
4 1021242   210212429   第三借阅区/ [索取号:O69/10=2] 在馆    
5 1021243   210212438   第三借阅区/ [索取号:O69/10=2] 在馆    
唐山师范学院图书馆 欢迎您!
大连网信软件有限公司© 版权所有